Welke landen vallen onder de Balkan - Sudden Death - Statistieken

Algemene statistieken
  • Deze quiz is 14 keer genomen
  • De gemiddelde score is 9 van 10
Answers on the Grid
Answers color-coded by a green-red scale on the quiz's grid according to % correct below.
Servië
Kroatië
Slowakije
Hongarije
Zwitserland
Slovenië
Montenegro
Malta
Noord-Macedonië
Kosovo
Oostenrijk
Bosnië-Herzegovina
Tsjechië
Albanië
Italie
Bulgarije
Griekenland
San Marino
Monaco
Polen
 
Antwoordstatistieken
Antwoord % Correct
Bosnië-Herzegovina
100%
Kroatië
100%
Montenegro
100%
Noord-Macedonië
100%
Servië
100%
Albanië
86%
Bulgarije
86%
Kosovo
86%
Slovenië
86%
Griekenland
29%
Geen overeenkomende quizzen gevonden
Scoreverdeling
Procent van Mensen met Elke Score
Percentiel versus Aantal Correcte Antwoorden
Uw Scoregeschiedenis
U heeft deze quiz nog niet genomen